000 00463nmm a2200169Ia 4500
008 251105s9999||||xx |||||||||||||||||und||
020 _a9788496428805
041 _aspa
100 _aCervantes Saavedra, Miguel de
245 0 _aNovelas ejemplares
264 _a[Madrid, España] :
_bLinkgua,
_c2011
300 _a467 páginas
490 _aNarrativa
650 _aSpanish narrative
856 _uhttps://public.digitaliapublishing.com/a/10293
942 _cCF
999 _c89936
_d89936